Tower defense simulator (roblox) ALL ZOMBIES - Statistics

General Stats
  • This quiz has been taken 120 times
  • The average score is 44 of 75
Answer Stats
Hint Answer % Correct
Normal/Molten Normal
95%
Normal/Molten Speedy
88%
Molten Molten
85%
Fallen Fallen
81%
Molten Molten Boss
81%
Normal/Molten Normal Boss
81%
Hardcore Mega Slow
80%
Normal/Molten Slow
80%
Normal/Molten Speedy Boss
80%
Golden/Fallen Abnormal
78%
General Mystery Boss
78%
Normal/Molten Slow Boss
78%
Normal/Molten Hidden Boss
77%
Normal Grave Digger
75%
Normal/Molten Hidden
74%
Polluted Wastelands Nuclear Fallen King
74%
Golden/Fallen Quick
74%
Golden/Fallen Abnormal Boss
72%
Golden/Fallen Dark Necromancer
72%
General Mystery
72%
Normal/Molten Necromancer
72%
Fallen Fallen King
69%
Fallen Giant Boss
69%
Golden Golden
69%
Molten Molten Titan
69%
Golden/Fallen Shadow
68%
Golden/Fallen Shadow Boss
68%
Golden/Fallen Tank
68%
Hardcore Lead Boss
65%
Golden/Fallen Heavy
64%
Hardcore Necromancer Boss
62%
Hardcore Void Reaver
60%
Fallen Glitch
59%
Golden Gold Titan
59%
Normal Bolt
58%
Hardcore Lead
58%
Normal/Molten Mystery Summoner
58%
Golden Chained Boss
57%
Fallen Error
57%
Hardcore Lead Balloon
57%
Hardcore Soul Boss
57%
Hardcore Speedy King
57%
Hardcore Balloon
56%
Molten Shock
56%
Polluted Wastelands Wasted Boss
56%
Golden 24 Karat
54%
Fallen Fallen Guardian
54%
Hardcore Slow King
54%
Golden/Fallen Summoner Boss
54%
Normal Strong
53%
Hardcore Fallen Rusher
52%
Hardcore Fallen Swordmaster
51%
Fallen Fallen Hero
49%
Hardcore Hefty
48%
Polluted Wastelands Circuit
47%
Fallen Templar
47%
Hardcore Fallen Soul
46%
Hardcore Soul
46%
Hardcore Fallen Titan
44%
Hardcore Lava
44%
Polluted Wastelands Rusher
43%
Golden Gold Guard
42%
Hardcore Invisible
42%
Fallen Hazard
41%
Polluted Wastelands Radioactive
41%
Golden/Fallen Boomer
40%
Golden Charge
40%
Polluted Wastelands Amalgamation
38%
Hardcore Fallen Reaper
38%
Hardcore Vindicator
38%
Hardcore Health Cultist
36%
Hardcore Unknown
36%
Polluted Wastelands Split
31%
Polluted Wastelands Splitter
31%
Hardcore Soul Stealer
30%
No matching quizzes found
Score Distribution
Percent of People with Each Score
Percentile by Number Answered
Your Score History
You have not taken this quiz